| 000 | 00438ntaaa2200181 4500 | ||
|---|---|---|---|
| 003 | 01 | ||
| 005 | 20251027201746.0 | ||
| 008 | 0714s1973 ag 01 | ||
| 040 |
_aAR-BaBN _bspa _cAR-BaBN _eaacr _dRIC |
||
| 082 | _a240.0000 Ev1 | ||
| 100 |
_aFriedenshort, Eva de _96213 |
||
| 245 | _aVida verdadera | ||
| 250 | _a1 ed. | ||
| 260 |
_as.l. : _bFondo Evangélico Hebrón, _c1959 |
||
| 300 | _a110 p | ||
| 650 | _avida cristiana | ||
| 942 | _cBK | ||
| 999 |
_c12282 _d12282 |
||